000 00799nas a2200253 4500
001 BR7702425
003 BR-BrBNA
005 20231205083157.0
007 ta
008 230509b bl.|||p| |||| 00| 00por d
040 _aBR-BrBNA
_bpor
_cBiblioteca Nacional de Agricultura
041 _a(Pt)
072 _aH10
100 1 _aLara, F.M.
100 1 _aSilveira Neto, S.
100 1 _aBusoli, A.C.
245 1 _aInfluencia da altura de instalacao de armadilhas luminosas na coleta de diversas pragas da ordem lepidoptera
650 _aARMADILHA LUMINOSA
650 _aCAPTURA
650 _aLEPIDOPTERO
773 0 _tAnais da Sociedade Entomologica do Brasil (Brazil)
_xISSN 0301-8059
_g(1977), v. 6(2) p. 194-202
_wBR7702425
909 _a202311
_bLúcia
_c55
_dLúcia Elande
942 _2AGRIS
_n0
_cANA
999 _c96931
_d96931